000 00845nam a22002177a 4500
005 20240417090513.0
008 180809s mx gr|||| 0|0 0 spa||
020 _a9684271603
050 0 4 _aHC133.5
_bB37 1991
050 0 4 _aQH77.M6
_bB37 1989
100 1 _aBassols Batalla, Ángel.
245 1 0 _aRecursos naturales de México
_b : teoría, conocimiento y uso
_c / Ángel Bassols Batalla
250 _a20a ed.
_bcorregida y aum.
260 _aMéxico :
_bNuestro Tiempo,
_c1991
300 _a369 p. :
_bil. ;
_c19 cm.
490 0 _aLos Grandes Problemas Nacionales
504 _aIncluye bibliografía e índice
650 7 _2lemb
_aRecursos naturales renovables
_xConservación de los recursos naturales
_vHistoria y critica
_zMéxico
650 7 _2lemb
_aHistoria natural
_xConservación de la biodiversidad
_zMéxico
942 _2lcc
_cLIB
999 _c148564
_d148562